DIGITS of PI - Statistics

General Stats
  • This quiz has been taken 46 times
    39 since last reset
  • The average score is 22 of 36
Answer Stats
DIGITS of PI % Correct
1
100%
1
100%
4
100%
5
97%
9
97%
2
93%
6
90%
3
79%
5
79%
5
76%
7
76%
8
76%
9
76%
2
72%
3
72%
3
72%
9
72%
4
69%
8
69%
2
55%
6
52%
2
45%
3
41%
3
41%
6
41%
4
38%
8
38%
2
31%
3
31%
7
31%
9
31%
0
28%
5
28%
2
24%
8
21%
8
21%
No matching quizzes found
Score Distribution
Percent of People with Each Score
Percentile by Number Answered
Your Score History
You have not taken this quiz since the last reset